Statystyki dla Przyłącz państwo azjatyckie do losowej stolicy

Kliknij tutaj aby rozwiązać quiz!

Ogólne statystyki

  • Ten quiz został rozwiązany 161 razy
  • Średni wynik to 10 z 15

Statystyki odpowiedzi

StolicaPaństwa% Poprawnych
NikozjaCypr
100%
TeheranIran
100%
JerozolimaIzrael
100%
TokioJaponia
100%
SeulKorea Południowa
100%
Abu ZabiZjednoczone
Emiraty Arabskie
88%
HanoiWietnam
86%
BakuAzerbejdżan
83%
PjongjangKorea Północna
83%
BangkokTajlandia
83%
Sri Dźajawardanapura
Kotte
Sri Lanka
80%
AnkaraTurcja
80%
PekinChiny
75%
Phnom PenhKambodża
75%
RijadArabia Saudyjska
71%
ManilaFilipiny
71%
TbilisiGruzja
71%
New DelhiIndie
71%
ErywańArmenia
67%
DhakaBangladesz
67%
IslamabadPakistan
67%
SingapurSingapur
67%
MaleMalediwy
64%
DżakartaIndonezja
60%
SanaJemen
60%
BiszkekKirgistan
60%
KuwejtKuwejt
60%
Ułan BatorMongolia
60%
WientianLaos
57%
KatmanduNepal
56%
AmmanJordania
50%
Nur-SułtanKazachstan
50%
DuszanbeTadżykistan
50%
DiliTimor Wschodni
44%
NaypyidawMjanma
43%
DamaszekSyria
43%
ManamaBahrajn
40%
BagdadIrak
40%
TaszkentUzbekistan
40%
MaskatOman
38%
ThimphuBhutan
33%
DohaKatar
33%
Kuala LumpurMalezja
33%
KabulAfganistan
29%
AszchabadTurkmenistan
25%
Bandar Seri BegawanBrunei
14%
BejrutLiban
0%

Rozkład punktacji

Percentyl według liczby udzielonych odpowiedzi

Procent ludzi z każdym wynikiem

Twoja historia wyników

Nie rozwiązałeś tego quizu